Why Vietnam invaded Cambodia : (Record no. 13678)

000 -LEADER
fixed length control field 00515cam a22001574a 4500
020 ## - INTERNATIONAL STANDARD BOOK NUMBER
ISBN 0804730490 (cloth : alk. paper)
020 ## - INTERNATIONAL STANDARD BOOK NUMBER
ISBN 0804730504 (pbk.)
040 ## - CATALOGING SOURCE
Transcribing agency DLC
082 00 - DEWEY DECIMAL CLASSIFICATION NUMBER
Classification number 959 STA 1999 A102 Or.
100 1# - MAIN ENTRY--AUTHOR NAME
Personal name Morris, Stephen J
245 10 - TITLE STATEMENT
Title Why Vietnam invaded Cambodia :
Remainder of title political culture and the causes of war /
260 ## - PUBLICATION, DISTRIBUTION, ETC. (IMPRINT)
Place of publication Stanford, Calif :
Name of publisher Stanford University Press,
Year of publication 1999
300 ## - PHYSICAL DESCRIPTION
Number of Pages xiii, 315 p. :
Other physical details ill., maps ;
Dimensions 24 cm
650 #0 - SUBJECT ADDED ENTRY--TOPICAL TERM
Topical Term Cambodian-Vietnamese Conflict, 1977-1991
942 ## - ADDED ENTRY ELEMENTS (KOHA)
Koha item type សៀវភៅភាសាអង់គ្លេស

No items available.

មជ្ឈមណ្ឌលឯការនៃសាកលវិទ្យាល័យភូមិន្ទកសិកម្មចំការដូង

Powered by Koha